| 000 | 00395nam a2200157 a 4500 | ||
|---|---|---|---|
| 005 | 20140412111224.0 | ||
| 008 | 100122s19uu xx 00 eng d | ||
| 020 | _a0-439-39539-9 | ||
| 050 |
_aM 782.42 _bW93 2003 |
||
| 245 | _aClassic Lullaby Rhymes. | ||
| 260 |
_aChina : _bScholastic, _c2003. |
||
| 300 | _aunp. | ||
| 440 | _aThe Real Mother goose | ||
| 650 | _aLullabies | ||
| 999 |
_c101993 _d101993 |
||